[Event "ROM-ch U12"]
[Site "Eforie Nord"]
[Date "2022.04.13"]
[Round "4"]
[White "Savu, Victor Xavier"]
[Black "Sava, Robert Gabriel"]
[Result "1-0"]
[WhiteElo "1294"]
[BlackElo "1766"]
[PlyCount "95"]
[EventDate "2022.04.11"]
[EventType "swiss"]
[EventRounds "9"]
[EventCountry "ROU"]
[SourceTitle "EXT 2023"]
[Source "ChessBase"]
[SourceDate "2022.10.05"]
[SourceVersion "1"]
[SourceVersionDate "2022.10.05"]
[SourceQuality "1"]

1. e4 e5 2. Nf3 Nf6 3. Nc3 Bb4 4. d3 d5 5. exd5 Qxd5 6. Bd2 Bxc3 7. Bxc3 Nc6 8. d4 exd4 9. Bxd4 Nxd4 10. Qxd4 Qxd4 11. Nxd4 0-0 12. 0-0-0 a6 13. f3 Bd7 14. Bd3 Rad8 15. a3 Bh3 16. gxh3 Rxd4 17. Bxh7+ Kxh7 18. Rxd4 Re8 19. Kd2 Re5 20. f4 Rh5 21. Rd3 Ne4+ 22. Ke2 Nc5 23. Rg3 Ne6 24. Ke3 g6 25. Rd1 Rf5 26. Rd7 Kg7 27. Rf3 a5 28. c4 a4 29. Rd5 Kf6 30. h4 c6 31. Re5 b6 32. Rf2 Nc5 33. h3 Nb3 34. Rf1 Nc5 35. Rxf5+ Kxf5 36. Rd1 Ke6 37. Rd8 Ke7 38. Rb8 Nd7 39. Ra8 Nc5 40. Ra7+ Ke6 41. Rc7 Kd6 42. Rxf7 Ke6 43. Rg7 Kf6 44. Rc7 Kf5 45. Rxc6 Nb7 46. Rxb6 g5 47. Rxb7 gxh4 48. c5 1-0

[Event "ROM-ch U08"]
[Site "Calimanesti"]
[Date "2018.03.31"]
[Round "6"]
[White "Savu, Victor Xavier"]
[Black "Basturea, Ianis Stefan"]
[Result "1/2-1/2"]
[WhiteElo "1078"]
[BlackElo "1152"]
[PlyCount "82"]
[EventDate "2018.03.27"]
[EventType "swiss"]
[EventRounds "9"]
[EventCountry "ROU"]
[SourceTitle "CBM 183 Extra"]
[Source "ChessBase"]
[SourceDate "2018.04.19"]
[SourceVersion "1"]
[SourceVersionDate "2018.04.19"]
[SourceQuality "1"]

1. e4 e6 2. d4 d5 3. e5 c5 4. c3 Qb6 5. Nf3 Nc6 6. Qb3 Qxb3 7. axb3 cxd4 8. cxd4 Nge7 9. Nc3 Nf5 10. Bb5 Bd7 11. Bxc6 Bxc6 12. Bd2 Be7 13. 0-0 0-0 14. Rfe1 Rfe8 15. h3 h6 16. Be3 a6 17. Na4 Bxa4 18. bxa4 Bb4 19. Re2 Rac8 20. b3 Rc7 21. Rd1 Rec8 22. g4 Nxe3 23. Rxe3 Rc3 24. Rdd3 Rc1+ 25. Kg2 R1c2 26. Ng1 a5 27. Ne2 g5 28. Ng3 R8c3 29. Nh5 Rxd3 30. Rxd3 Rc3 31. Rxc3 Bxc3 32. Nf6+ Kh8 33. Nd7 Bxd4 34. Kf3 Ba7 35. Ke2 d4 36. Nf6 Kg7 37. Nh5+ Kf8 38. Ng3 Ke7 39. Kd3 Kd7 40. Ne2 Kc6 41. Nxd4+ Kd5 1/2-1/2

[Event "ROM-ch U08"]
[Site "Calimanesti"]
[Date "2018.03.30"]
[Round "5"]
[White "Calin, Mihai Octavian"]
[Black "Savu, Victor Xavier"]
[Result "1-0"]
[WhiteElo "1202"]
[BlackElo "1078"]
[PlyCount "173"]
[EventDate "2018.03.27"]
[EventType "swiss"]
[EventRounds "9"]
[EventCountry "ROU"]
[SourceTitle "CBM 183 Extra"]
[Source "ChessBase"]
[SourceDate "2018.04.19"]
[SourceVersion "1"]
[SourceVersionDate "2018.04.19"]
[SourceQuality "1"]

1. e4 e5 2. Nf3 Nc6 3. Bc4 Nf6 4. Nc3 Bc5 5. d3 Be7 6. 0-0 0-0 7. Ne2 d6 8. h3 d5 9. exd5 Nxd5 10. Bxd5 Qxd5 11. Ng3 Be6 12. Re1 Rad8 13. Qe2 Bf6 14. Bg5 Bxg5 15. Nxg5 Rfe8 16. Nf3 Bd7 17. Qe4 Qxe4 18. dxe4 Nb4 19. Red1 Nxc2 20. Rac1 Nb4 21. Rxc7 Bc6 22. Rxd8 Rxd8 23. Nxe5 Re8 24. Nxf7 Na6 25. Nd6 Nxc7 26. Nxe8 Bxe8 27. Kf1 Kf7 28. Ke2 Kf6 29. Kd3 Ne6 30. Ke3 Bf7 31. Nf5 Nc5 32. b3 g6 33. Nd6 Ke6 34. Nc4 b5 35. Nd2 g5 36. Nf3 h6 37. Nd4+ Ke5 38. Nxb5 a6 39. Nd4 Nxe4 40. Nf3+ Kd5 41. h4 g4 42. Nd4 Nc3 43. Nf5 h5 44. a3 Bg6 45. Ne7+ Kd6 46. Nxg6 Nd1+ 47. Ke2 Nc3+ 48. Kd3 Nd1 49. f3 Nf2+ 50. Ke3 Nd1+ 51. Kf4 gxf3 52. gxf3 Nc3 53. Kg5 Nd5 54. Kxh5 Nf6+ 55. Kg5 Ng8 56. f4 Ke6 57. f5+ Kf7 58. Ne5+ Kg7 59. Ng4 Kf7 60. f6 Kf8 61. Kg6 a5 62. f7 Ne7+ 63. Kf6 Nd5+ 64. Ke6 Ne7 65. Kd6 Kxf7 66. Ne5+ Kf6 67. Nc4 Nf5+ 68. Kc5 Nxh4 69. Nxa5 Nf5 70. Nc6 Ne7 71. Nxe7 Kxe7 72. b4 Kd7 73. b5 Kc7 74. a4 Kb7 75. b6 Kb8 76. a5 Kb7 77. a6+ Kb8 78. b7 Ka7 79. Kd6 Kb8 80. Kd7 Ka7 81. Kc7 Kxa6 82. b8Q Ka5 83. Kc6 Ka4 84. Kc5 Ka3 85. Kc4 Ka2 86. Kc3 Ka1 87. Qb2# 1-0